00246nam a22000737a 4500008004100000040005500041245002000096260005600116230828b |||||||| |||| 00| 0 eng d aNational Science LibrarycNational Science Library aFertiliser news aNew Delhi: bThe Fertiliser Association of Indiac